| 000 | 00605nam a2200181Ia 4500 | ||
|---|---|---|---|
| 008 | 240428s9999||||xx |||||||||||||| ||und|| | ||
| 020 | _a0789291426379 | ||
| 041 | _aeng | ||
| 082 | _a304.8 IN | ||
| 100 | _aInter-Parliamentary Union - International Labour Organization - United Nations Human rights | ||
| 245 | 0 | _aMigration, human rights and governance | |
| 250 | _aHandbook for Parliamentarians No. 24 | ||
| 260 |
_bInter-Parliamentary Union _c2015 |
||
| 300 | _a192p.: photos | ||
| 650 | _aMigration- Latin America - Human Rights- Migration - International Migration | ||
| 942 | _cBK | ||
| 999 |
_c131 _d131 |
||